书目信息 |
| 题名: |
人文科学导论
|
|
| 作者: | 尤西林 著 | |
| 分册: | ||
| 出版信息: | 北京 高等教育出版社 2002.12 |
|
| 页数: | 202页 | |
| 开本: | 23cm | |
| 丛书名: | ||
| 单 册: | ||
| 中图分类: | C43 | |
| 科图分类: | ||
| 主题词: | 人文科学--ren wen ke xue--高等学校--教材 | |
| 电子资源: | ||
| ISBN: | 7-04-011424-0 | |
| 000 | 00813nam0 2200241 450 | |
| 001 | 012007588568 | |
| 005 | 20070930100827.60 | |
| 010 | @a7-04-011424-0@dCNY13.10 | |
| 100 | @a20070810d2002 km y0chiy0120 ea | |
| 101 | 0 | @achi |
| 102 | @aCN@b110000 | |
| 105 | @ay a 000yy | |
| 200 | 1 | @a人文科学导论@Aren wen ke xue dao lun@f尤西林著@Fyou xi lin zhu |
| 210 | @a北京@c高等教育出版社@d2002.12 | |
| 215 | @a202页@d23cm | |
| 300 | @a普通高等教育“十五”国家规划教材 | |
| 320 | @a有书目 (第199-200页)。 | |
| 330 | @a本书作者从人文科学的历史与现状入手,进一步论述了人文科学的历史与现状,人文科学的对象和方法,人文教育观,人文自然观和人文社会观等。 | |
| 606 | 0 | @a人文科学@Aren wen ke xue@x高等学校@j教材 |
| 690 | @aC43@v4 | |
| 701 | 0 | @a尤西林@Ayou xi lin@4著 |
| 801 | 0 | @aCN@c20070930 |
| 905 | @dC43@eY670 | |
| 人文科学导论/尤西林著.-北京:高等教育出版社,2002.12 |
| 202页;23cm |
| 普通高等教育“十五”国家规划教材 |
| ISBN 7-04-011424-0:CNY13.10 |
| 本书作者从人文科学的历史与现状入手,进一步论述了人文科学的历史与现状,人文科学的对象和方法,人文教育观,人文自然观和人文社会观等。 |
| ● |
| 相关链接 |
|
|
|
正题名:人文科学导论
索取号:C43/Y670
 
预约/预借
| 序号 | 登录号 | 条形码 | 馆藏地/架位号 | 状态 | 备注 |
| 1 | 257219 | 202572199 | 社科库509/509社科库 53排8列1层/ [索取号:C43/Y670] | 在馆 | |
| 2 | 257220 | 202572206 | 社科库509/509社科库 53排8列1层/ [索取号:C43/Y670] |
已借出,限还日期为2025.05.05 借出人:陈怡菲 |
|
| 3 | 257221 | 202572215 | 社科库509/509社科库 53排8列1层/ [索取号:C43/Y670] | 在馆 |